Радиопередающие устройства: учебник для вузов

التفاصيل البيبلوغرافية
مؤلفون آخرون: Шахгильдян В. В. Ваган Ваганович (редактор)
اللغة:الروسية
منشور في: Москва, Радио и связь, 1996
الطبعة:3-е изд., перераб. и доп.
سلاسل:Учебник для высших учебных заведений
الموضوعات:
التنسيق: كتاب
KOHA link:https://koha.lib.tpu.ru/cgi-bin/koha/opac-detail.pl?biblionumber=6110

MARC

LEADER 00000nam0a2200000 4500
001 6110
005 20231101204448.0
010 |a 5256012371 
035 |a (RuTPU)RU\TPU\book\6140 
035 |a BOOK00006195 
090 |a 6110 
100 |a 20011209d1996 m y0rusy50 ca 
101 0 |a rus 
102 |a RU 
105 |a a j 000zy 
200 1 |a Радиопередающие устройства  |e учебник для вузов  |f под ред. В. В. Шахгильдяна 
205 |a 3-е изд., перераб. и доп. 
210 |a Москва  |c Радио и связь  |d 1996 
215 |a 560 с.  |c ил. 
225 1 |a Учебник для высших учебных заведений 
606 1 |a Радиопередающие устройства  |2 stltpush  |3 (RuTPU)RU\TPU\subj\22931  |9 47606 
610 1 |a радиопередатчики 
610 1 |a учебные пособия 
675 |a 621.396.61(075.8)  |v 3 
702 1 |a Шахгильдян  |b В. В.  |g Ваган Ваганович  |4 340 
801 0 |a RU  |b 63413507  |c 20011209  |g PSBO 
801 2 |a RU  |b 63413507  |c 20201029  |g PSBO 
942 |c BK